000 00411nam a2200181Ia 4500
008 170705s9999 xx 000 0 und d
020 _a439273080
245 _aDandelions :
245 _bstars in the grass /
245 _cMia Posada.
260 _aNew York :
260 _bScholastic,
260 _c2000
300 _aunpaged :
300 _bcolor illustration ;
300 _c23cm.
500 _a460
999 _c335723
_d335723